On the road to nowhere (Record no. 83310)
[ view plain ]
| 000 -LEADER | |
|---|---|
| fixed length control field | 00725cab a22002055a 4500 |
| 001 - CONTROL NUMBER | |
| control field | L153527 |
| 008 - FIXED-LENGTH DATA ELEMENTS--GENERAL INFORMATION | |
| fixed length control field | 110804e20110730xxk 000 0 eng d |
| 035 ## - SYSTEM CONTROL NUMBER | |
| System control number | (Sirsi) u153527 |
| 041 0# - LANGUAGE CODE | |
| Language code of text/sound track or separate title | eng |
| 100 1# - MAIN ENTRY--PERSONAL NAME | |
| Personal name | Hubbard, Tom |
| 245 00 - TITLE STATEMENT | |
| Title | On the road to nowhere |
| 260 ## - PUBLICATION, DISTRIBUTION, ETC. | |
| Date of publication, distribution, etc. | 2011 |
| 490 ## - SERIES STATEMENT | |
| Series statement | Estates Gazette |
| Volume/sequential designation | (1130) 30 July 2011, 52-53(2) |
| 520 ## - SUMMARY, ETC. | |
| Summary, etc. | A Mainly for Students article highlights issues relating to public highways. Looks at different types of highways including carriageways, bridleways and footpaths. Highways Act 1980 deals with the maintenance and creation of highways. |
| 590 ## - LOCAL NOTE (RLIN) | |
| Local note | KA |
| 650 24 - SUBJECT ADDED ENTRY--TOPICAL TERM | |
| Topical term or geographic name entry element | HIGHWAYS ACT 1980 |
| 651 #4 - SUBJECT ADDED ENTRY--GEOGRAPHIC NAME | |
| Geographic name | UNITED KINGDOM |
| 690 ## - LOCAL SUBJECT ADDED ENTRY--TOPICAL TERM (OCLC, RLIN) | |
| Topical term or geographic name as entry element | Boundary disputes |
| 9 (RLIN) | 6221 |
| 942 ## - ADDED ENTRY ELEMENTS (KOHA) | |
| Suppress in OPAC | 0 |
| Withdrawn status | Lost status | Source of classification or shelving scheme | Damaged status | Not for loan | Home library | Current library | Shelving location | Date acquired | Total Checkouts | Full call number | Barcode | Date last seen | Copy number | Price effective from | Koha item type |
|---|---|---|---|---|---|---|---|---|---|---|---|---|---|---|---|
| Dewey Decimal Classification | London | London | Journal article | 04/08/2011 | L153527 | 153527-1001 | 06/08/2019 | 1 | 06/08/2019 | Journal article |